000 00917nam a2200313 i 4500
001 200458842
999 _c200458842
_d77054
003 TR-AnTOB
005 20250722090346.0
007 ta
008 231117t2022 tu |||| ||| 00| 0 tur d
040 _aTR-AnTOB
_beng
_erda
_cTR-AnTOB
041 0 _atur
050 1 _aHV6493
090 _aHV6493
_b.K596 2022
100 1 _9144304
_aKızmaz, Zahir
245 1 0 _aSosyolojik açıdan şiddet ve suç /
_cProf. Dr. Zahir Kızmaz.
264 1 _aAnkara :
_bHEGEM Yayınları,
_c2022.
300 _aviii, 192 pages ;
_c23 cm
336 _2rdacontent
_atext
_btxt
337 _2rdamedia
_aunmediated
_bn
338 _2rdacarrier
_avolume
_bnc
490 0 _aBilimsel ve popüler eserler dizisi
650 7 _aŞiddet
_2
_946294
650 0 _aSuç
_xSosyolojik yönleri
_9118650
653 _aŞiddet -- Sosyal açıdan
653 _aŞiddet türleri
942 _2lcc
_cBK